X-Men Trivia - Statistics

General Stats
  • This quiz has been taken 146 times
  • The average score is 5 of 15
Answer Stats
Clue Answer % Correct
Mutant with the “heart and soul” of an artist, who can turn into living steel Colossus
93%
West coast American city that the X-Men relocated to in the early 2010’s San Francisco
50%
Mutant with the ability to kinetically charge objects so that they explode on impact Gambit
46%
Comic book series in which Wolverine made his debut The Incredible Hulk
42%
Country in which Storm was worshipped as a goddess Kenya
38%
Real name of Havok, brother of team leader Cyclops Alexander “Alex” Summers
30%
Team founded by Nightcrawler, Shadowcat, Phoenix, Captain Britain and Meggan Excalibur
29%
County in which Professor Xavier’s School for Gifted Youngsters was originally built Westchester
22%
Teacher at the school during Grant Morrison’s run, with a star for a brain, who later was revealed to be Magneto in disguise Xorn
21%
Illness that targeted only mutants, created during the 1990’s as an allegory for HIV Legacy Virus
18%
Storyline from the 1990’s set in an alternate universe where Magneto led the X-Men The Age of Apocalypse
18%
Telepath who later developed an ability to teleport through shadows Psylocke
15%
Storyline in which many of the Morlocks were killed The Mutant Massacre
14%
Artist (and eventually writer) for much of the original run of the above book Alan Davis
10%
Stan Lee’s original name for The X-Men The Mutants
9%
No matching quizzes found
Score Distribution
Percent of People with Each Score
Percentile by Number Answered
Your Score History
You have not taken this quiz